Manual de derecho laboral (Registro nro. 6590)
[ vista simple ]
| 000 -LEADER | |
|---|---|
| fixed length control field | 02378 a2200241 4500 |
| 001 - CONTROL NUMBER | |
| control field | 59043 |
| 005 - DATE AND TIME OF LATEST TRANSACTION | |
| control field | 20260407155845.0 |
| 008 - FIXED-LENGTH DATA ELEMENTS--GENERAL INFORMATION | |
| fixed length control field | 260407a2022 arg spa d |
| 003 - CONTROL NUMBER IDENTIFIER | |
| control field | AR-UNSa-BCEJYS |
| 040 ## - CATALOGING SOURCE | |
| Original cataloging agency | AR-UNSa-BCEJYS |
| Language of cataloging | spa |
| Transcribing agency | AR-UNSa-BCEJYS |
| 080 ## - UNIVERSAL DECIMAL CLASSIFICATION NUMBER | |
| Universal Decimal Classification number | 349.2 |
| Common auxiliary subdivision | Derecho del Trabajo |
| 020 ## - INTERNATIONAL STANDARD BOOK NUMBER | |
| International Standard Book Number | 978-950-20-3053-1 |
| 041 ## - LANGUAGE CODE | |
| Language code of text/sound track or separate title | spa |
| 100 1# - MAIN ENTRY--PERSONAL NAME | |
| Personal name | Grisolia, Julio Armando |
| 245 10 - TITLE STATEMENT | |
| Title | Manual de derecho laboral |
| 250 ## - EDITION STATEMENT | |
| Edition statement | 15a. ed. |
| 264 #1 - PRODUCTION, PUBLICATION, DISTRIBUTION, MANUFACTURE, AND COPYRIGHT NOTICE | |
| Place of production, publication, distribution, manufacture | Buenos Aires : |
| Name of producer, publisher, distributor, manufacturer | Abeledo Perrot |
| Date of production, publication, distribution, manufacture, or copyright notice | 2022 |
| 300 ## - PHYSICAL DESCRIPTION | |
| Extent | lxi, 839 p. |
| Dimensions | 24 cm. |
| 505 ## - FORMATTED CONTENTS NOTE | |
| Formatted contents note | 1. Trabajo humano. Derecho del trabajo. Política social – 2. Historia del derecho del trabajo. Perspectivas de las relaciones laborales – 3. Fuentes del derecho del trabajo – 4. Principios del derecho del trabajo – 5. Contrato de trabajo. Relación de dependencia – 6. Registración del contrato. Empleo no registrado y defectuosamente registrado. Sanciones y multas – 7. Fraude. Responsabilidad solidaria regulada en la LCT – 8. Responsabilidad de socios, gerentes y directores. Transferencia y cesión del contrato – 9. Periodo de prueba. Modalidades del contrato – 10. Derechos y deberes de las partes – 11. Remuneraciones – 12. Régimen de jornada. Descansos, feriados, vacaciones y licencias – 13. Trabajo de mujeres y de menores – 14. Enfermedades y accidentes inculpables – 15. Suspensión del contrato – 16. Estabilidad. Preaviso. Despido. Casos de injuria – 17. Régimen indemnizatorio. Art. 245, LCT, y rubros principales. Indemnizaciones agravadas – 18. Formas de extinción del contrato de trabajo – 19. Régimen de las Pequeñas y Medianas Empresas (PYMES). Estatutos especiales – 20. Asociaciones sindicales de trabajadores – 21. Negociación colectiva. Convenios colectivos – 22. Conflictos colectivos de trabajo. Medidas de acción directa – 23. Derecho administrativo y procesal del trabajo – 24. Derecho internacional del trabajo – 25. Accidentes del trabajo y enfermedades profesionales. Jurisprudencia – 26. Derecho de la seguridad social. Sistema Integrado Previsional Argentino (SIPA) – 27. Seguro de desempleo – 28. Asignaciones familiares – 29. Obras sociales. Seguro de salud |
| 590 ## - LOCAL NOTE (RLIN) | |
| Local note | niveau_biblio:m niveau_hierar:0 |
| 856 41 - ELECTRONIC LOCATION AND ACCESS | |
| Uniform Resource Identifier | <a href="https://www.biblioeco.unsa.edu.ar/pmb/images/libros/L128944.jpg">https://www.biblioeco.unsa.edu.ar/pmb/images/libros/L128944.jpg</a> |
| Link text | Imagen de portada |
| Electronic format type | image/jpeg |
| 942 ## - ADDED ENTRY ELEMENTS (KOHA) | |
| Koha item type | |
| Withdrawn status | Lost status | Damaged status | Not for loan | Home library | Current library | Shelving location | Date acquired | Total checkouts | Full call number | Barcode | Date last seen | Price effective from | Koha item type | Public note |
|---|---|---|---|---|---|---|---|---|---|---|---|---|---|---|
| Biblioteca Prof. Eusebio Cleto del Rey | Biblioteca Prof. Eusebio Cleto del Rey | 07/04/2026 | 349.2 G869m 15ed. | L128944 | 07/04/2026 | 07/04/2026 | Libro | 1° Y ÚLTIMA PÁGINAS UN POCO DOBLADAS - PÁGINA 771 CON MANCHITA | ||||||
| Biblioteca Prof. Eusebio Cleto del Rey | Biblioteca Prof. Eusebio Cleto del Rey | 07/04/2026 | 349.2 G869m 15ed. | L128945 | 07/04/2026 | 07/04/2026 | Libro | ÚLTIMAS 4 PÁGINAS UN POCO HÚMEDAS |